Historical Figures- How Did They Die? - Statistics

General Stats
  • This quiz has been taken 86 times
  • The average score is 9 of 22
Answer Stats
Hint Answer % Correct
Julius Caesar Assassination
81%
Malcolm X Assassination
79%
Marie Antoinette Execution
77%
Mahatma Gandhi Assassination
68%
Cleopatra Suicide
67%
Leon Trotsky Assassination
62%
Marilyn Monroe Suicide
60%
Mary, Queen of Scots Execution
56%
William Wallace Execution
52%
Joseph Stalin Stroke/Aneurysm
38%
Napoleon Bonaparte Cancer
36%
Hideki Tojo Execution
36%
Thomas Cromwell Execution
33%
Alexander the Great Malaria/Typhoid
26%
Winston Churchill Stroke/Aneurysm
26%
Albert Einstein Stroke/Aneurysm
25%
Elizabeth I Lead Poisoning
21%
King Tutankhamen Malaria/Typhoid
21%
George Washington Epiglottitis
18%
Ronald Reagan Pneumonia
18%
Nero Suicide
15%
Charles Darwin Heart Failure
11%
No matching quizzes found
Score Distribution
Percent of People with Each Score
Percentile by Number Answered
Your Score History
You have not taken this quiz